000 00797nam a2200217 a 4500
005 20140412111244.0
008 001110s19uu xx 00 eng d
020 _a0-916392-05-8
050 _aREF 303.3
_bJ6 1976
100 _aJohnson, Spencer
245 _aThe Value of humor :
_bthe story of Will Rogers /
_cSpencer Johnson ; illustrated by Steve Pileggi.
260 _aLa Jolla, CA :
_bValue Comm., Inc Pub,
_c1976.
300 _a63 p. ; col. ; ill.
440 _aA Value Tale Series
520 _aOne in a series of works which demonstrate the importance of various values. In this work a biography of Will Rogers illustrates the value of humor.
650 _aRogers, Will, 1879-1935
650 _aEntertainers
650 _aHumorists
650 _aWit and humor
999 _c102861
_d102861